| 000 | 01138cam a2200325 4500 | ||
|---|---|---|---|
| 001 | 7717 | ||
| 003 | BD-RjUL | ||
| 005 | 20211208234449.0 | ||
| 008 | 140115s1969 enka 001 0 eng | ||
| 020 | _a0080118577 | ||
| 035 | _a(BD-RjUL)7761 | ||
| 040 |
_aDLC _cDLC _dDLC _dBD-RjUL _beng |
||
| 041 | 1 | _aengdut | |
| 082 | 0 | 0 |
_a510 _bHAN 1969 |
| 245 | 1 | 0 |
_aHandbook of mathematics / _cEdited by L. Kuipers and R. Timman. With contributions from J. W. Cohen [and others] English translation edited by I. N. Sneddon. |
| 250 | _a[1st English ed.] | ||
| 260 |
_aOxford ; _aNew York : _bPergamon Press , _cc1969 |
||
| 300 |
_axi, 782 p. : _billus. ; _c24 cm. |
||
| 490 | 0 | _aInternational series of monographs in pure and applied mathematics, v. 99 | |
| 500 | _aTranslation of Handboek der wiskunde. | ||
| 504 | _aIncludes index. | ||
| 650 | 0 |
_aMathematics. _924069 |
|
| 700 | 1 |
_aKuipers, Lauwerens. _924070 |
|
| 700 | 1 |
_aTimman, R. _q(Reinier), _d1917-1975, _ejoint author. _924071 |
|
| 700 | 1 |
_aCohen, Jacob Willem. _924072 |
|
| 942 |
_2ddc _cBK |
||
| 999 |
_c7717 _d7717 |
||